| 000 | 00674nam a2200205 a 4500 | ||
|---|---|---|---|
| 001 | 000010122 | ||
| 005 | 20240412074215.0 | ||
| 008 | 091005s1973 dr 000 p spa d | ||
| 040 |
_aDO-SdBNP _bspa _cBNPHU |
||
| 082 |
_aRD861.44 _bC957t, 1973 |
||
| 100 | 1 |
_aCruz, Francisco Antonio _924898 |
|
| 245 | 1 | 4 |
_aLos testamentos infinitos : _btercera entrega / _cFrancisco Antonio Cruz. |
| 260 |
_aSanto Domingo : _bOliva, _c1973. |
||
| 300 |
_a45 p. ; _c22 cm. |
||
| 590 | _aLa biblioteca posee un ejemplar autografiado por el autor | ||
| 650 | 0 |
_aPoesÃa dominicana _966 |
|
| 650 | 0 |
_aLiteratura dominicana. _967 |
|
| 910 | _aValidado. Control de calidad BNPHU | ||
| 049 | _aBNPD | ||
| 999 |
_c9881 _d9881 |
||